| 000 | 01252cad a22002535a 4500 | ||
|---|---|---|---|
| 001 | L142772 | ||
| 008 | 080307s2008 xxk f 000 0 eng d | ||
| 035 | _a(Sirsi) u142772 | ||
| 041 | 0 | _aeng | |
| 050 | 0 | 4 | _a333.33 $2 18 |
| 110 | 2 | _aCBI | |
| 245 | 0 | 0 |
_aProperty for business _benergy performance certificates _h[electronic resource] |
| 260 |
_aLondon _bCBI _c2008 |
||
| 520 | _aAn Energy performance supplement aimed at complementing the strategic guidance included in the Property for business guide (See L142771). Provides a concise explanation of what EPCs are, why they are important and what landlords and occupiers need to do to comply with government regulations. | ||
| 590 | _aKA | ||
| 650 | 2 | 4 | _aRESIDENTIAL ENERGY PERFORMANCE CERTIFICATES |
| 650 | 2 | 4 | _aEUROPEAN ENERGY PERFORMANCE OF BUILDINGS DIRECTIVE 2002/91/EC |
| 650 | 2 | 4 | _aENERGY PERFORMANCE OF BUILDINGS (CERTIFICATES AND INSPECTIONS) (ENGLAND AND WALES) REGULATIONS 2007 |
| 651 | 4 |
_aUnited Kingdom _y |
|
| 690 | _aPROPERTY-COMMERCIAL PROPERTY-COMMERCIAL PROPERTY MARKET | ||
| 690 | _aENVIRONMENTAL AND LAND CONSULTANCY-ENERGY-ENERGY USE-ENERGY EFFICIENCY | ||
| 856 | 4 | 1 |
_uhttps://www.cbi.org.uk/property _zView this report free of charge at www.cbi.org.uk.. |
| 942 | _n0 | ||
| 999 |
_c107961 _d107961 |
||